00439nam a2200121Ia 4500008004100000100002300041245004900064245002400113260000900137856007900146999001900225952007300244160531s9999 xx 000 0 und d aSingh, Bharat Raj. aGlobal Warming: Causes, Impacts and Remedies cby Bharat Raj Singh c2015 uhttp://www.intechopen.com/books/global-warming-causes-impacts-and-remedies c295082d295082 001040aCLbCLd2016-05-31l0r2016-05-31 00:00:00w2016-05-31yCBE